New Orleans hurricane and flood protection and coastal Louisiana restoration : status and progress : hearing before the Committee on Environment and Public Works, United States Senate, One Hundred Eleventh Congress, first session, June 16, 2009.

Bibliographic Details
Corporate Author: United States. Congress. Senate. Committee on Environment and Public Works (Author)
Format: Government Document eBook
Language:English
Published: Washington : U.S. Government Publishing Office, 2015.
Series:S. hrg. ; 111-1195
Subjects:
Online Access:https://purl.fdlp.gov/GPO/gpo58841
http://purl.fdlp.gov/GPO/gpo58841

MARC

Tag First Indicator Second Indicator Subfields
LEADER 00000cam a2200000 i 4500
001 in00003600413
005 20210430161625.0
006 m o d f
007 cr b|||||a||||
008 150706s2015 dcua ob f000 0 eng c
035 |a (OCoLC)ocn913231945 
042 |a pcc 
043 |a n-us---  |a n-us-la 
040 |a GPO  |b eng  |e rda  |e pn  |c GPO  |d GPO  |d STF  |d OCLCO  |d COO  |d OCLCO  |d OCLCF  |d UBY  |d OCLCO  |d GPO  |d MvI 
049 |a WWW 
050 1 4 |a KF26  |b .E6 2009m 
074 |a 1045-C (online) 
086 0 |a Y 4.P 96/10:S.HRG.111-1195 
110 1 |a United States.  |b Congress.  |b Senate.  |b Committee on Environment and Public Works,  |e author. 
245 1 0 |a New Orleans hurricane and flood protection and coastal Louisiana restoration :  |b status and progress : hearing before the Committee on Environment and Public Works, United States Senate, One Hundred Eleventh Congress, first session, June 16, 2009. 
264 1 |a Washington :  |b U.S. Government Publishing Office,  |c 2015. 
300 |a 1 online resource (iii, 141 pages) :  |b illustrations. 
336 |a text  |b txt  |2 rdacontent 
337 |a computer  |b c  |2 rdamedia 
338 |a online resource  |b cr  |2 rdacarrier 
490 1 |a S. hrg. ;  |v 111-1195 
500 |a Title from title screen (viewed on July 6, 2015). 
500 |a Paper version available for sale by the Superintendent of Documents, United States Government Publishing Office. 
504 |a Includes bibliographical references. 
650 0 |a Hurricane Katrina, 2005. 
650 0 |a Hurricane protection  |z Louisiana. 
650 0 |a Hurricane protection  |z Louisiana  |z New Orleans. 
650 0 |a Flood control  |z Louisiana  |z New Orleans. 
650 0 |a Coastal zone management  |z Louisiana. 
650 0 |a Coastal engineering  |z Louisiana. 
650 0 |a Shore protection  |z Louisiana. 
650 0 |a Wetland restoration  |z Louisiana. 
647 7 |a Hurricane Katrina  |d (2005)  |2 fast  |0 (OCoLC)fst01755264 
650 7 |a Coastal engineering.  |2 fast  |0 (OCoLC)fst00865740 
650 7 |a Coastal zone management.  |2 fast  |0 (OCoLC)fst00865756 
650 7 |a Flood control.  |2 fast  |0 (OCoLC)fst00927443 
650 7 |a Hurricane protection.  |2 fast  |0 (OCoLC)fst00964353 
650 7 |a Shore protection.  |2 fast  |0 (OCoLC)fst01116978 
650 7 |a Wetland restoration.  |2 fast  |0 (OCoLC)fst01174192 
651 7 |a Louisiana.  |2 fast  |0 (OCoLC)fst01207035 
651 7 |a Louisiana  |z New Orleans.  |2 fast  |0 (OCoLC)fst01204311 
648 7 |a 2005  |2 fast 
655 7 |a Legislative hearings.  |2 fast  |0 (OCoLC)fst01910825 
655 7 |a Legislative hearings.  |2 lcgft 
776 0 8 |i Print version:  |a United States. Congress. Senate. Committee on Environment and Public Works.  |t New Orleans and hurricane and flood protection and coastal Louisiana restoration  |w (OCoLC)913957316 
776 0 8 |i Microfiche version:  |a United States. Congress. Senate. Committee on Environment and Public Works.  |t New Orleans and hurricane and flood protection and coastal Louisiana restoration  |w (OCoLC)934474880 
810 1 |a United States.  |b Congress.  |b Senate.  |t S. hrg. ;  |v 111-1195. 
856 4 0 |u https://purl.fdlp.gov/GPO/gpo58841  |t 0 
856 4 0 |u http://purl.fdlp.gov/GPO/gpo58841  |t 0 
999 f f |s 3e28f983-7922-303c-be1a-d5b7a388344c  |i b92bfcc0-5109-3532-94f7-916d8c9b8730  |t 0 
952 f f |a Texas A&M University  |b College Station  |c Electronic Resources  |d Available Online  |t 0  |e Y 4.P 96/10:S.HRG.111-1195  |h Superintendent of Documents classification 
998 f f |a Y 4.P 96/10:S.HRG.111-1195  |t 0  |l Available Online